[Event "Ungdoms-DM 2021 U12"]
[Site "Odense"]
[Date "2021.10.02"]
[Round "1"]
[White "Medhus, Vitus Bondo"]
[Black "Derlich, Sarah Sima"]
[Result "1-0"]
[WhiteElo "1856"]
[BlackElo "1179"]
[PlyCount "107"]
[EventDate "2021.10.01"]
[EventType "swiss (rapid)"]
[EventRounds "7"]
[EventCountry "DEN"]

1. e4 e5 2. Nf3 Nc6 3. Bc4 Bc5 4. c3 Nf6 5. d3 h6 6. b4 Bd6 7. O-O O-O 8. Nh4
Be7 9. Qb3 d5 10. exd5 Nxd5 11. Nf3 Nb6 12. Bb5 Bf6 13. h3 Be6 14. Qb2 Qd5 15.
Bxc6 Qxc6 16. Nbd2 Na4 17. b5 Qxc3 18. Qxc3 Nxc3 19. Bb2 Nxa2 20. Ne4 Nb4 21.
Ba3 Nc2 22. Nxf6+ gxf6 23. Bxf8 Nxa1 24. Be7 Nb3 25. Bxf6 Bd7 26. Bxe5 Bxb5 27.
Rb1 Ba4 28. Bxc7 Rc8 29. Bf4 Kg7 30. Nd4 Rc3 31. Nf5+ Kg6 32. Nxh6 Rxd3 33. Ng4
Rd5 34. Ne3 Rd7 35. Bb8 b5 36. g4 Nd2 37. Ra1 Ne4 38. h4 a6 39. Nc4 bxc4 40.
Rxa4 c3 41. Rxe4 c2 42. Bf4 Rd1+ 43. Kg2 Ra1 44. Rc4 Ra2 45. Kf1 Rb2 46. Ke1
Ra2 47. Be3 Ra1+ 48. Kd2 Rh1 49. h5+ Kh7 50. Kxc2 Ra1 51. Rc7 Kg7 52. Bd4+ Kg8
53. Rc8+ Kh7 54. Rh8# 1-0

[Event "Ungdoms-DM 2021 U12"]
[Site "Odense"]
[Date "2021.10.02"]
[Round "1"]
[White "Andries, Leia"]
[Black "Zander, Emil"]
[Result "0-1"]
[WhiteElo "1192"]
[BlackElo "1774"]
[PlyCount "94"]
[EventDate "2021.10.01"]
[EventType "swiss (rapid)"]
[EventRounds "7"]
[EventCountry "DEN"]

1. e4 c5 2. c3 d5 3. exd5 Qxd5 4. d4 Bf5 5. Be3 cxd4 6. Bxd4 Nc6 7. Be3 Qa5 8.
Nf3 Nf6 9. Bc4 b5 10. Bd5 Qc7 11. O-O Rd8 12. Bxc6+ Qxc6 13. Qb3 Be6 14. Qc2
Bc4 15. Rd1 Rxd1+ 16. Qxd1 Bd5 17. Ne5 Qb7 18. f3 e6 19. Na3 Bd6 20. Bd4 O-O
21. Qe2 b4 22. Nb5 Qa6 23. c4 Bb7 24. Nxd6 Qxd6 25. Bxa7 Ra8 26. Bf2 Nd7 27.
Nxd7 Qxd7 28. Rd1 Qc7 29. b3 h6 30. Bg3 Qc6 31. Qd2 Qc5+ 32. Bf2 Qa5 33. Ra1
Rd8 34. Qc2 Qg5 35. Bg3 Rd2 36. Qb1 Qe3+ 37. Kh1 Bxf3 38. Qf1 Bxg2+ 39. Qxg2
Rxg2 40. Kxg2 f5 41. Bf2 Qc3 42. Rd1 Qc2 43. Rd8+ Kf7 44. Rb8 f4 45. Kf1 f3 46.
Rb7+ Kg6 47. Rd7 Qxa2 0-1

[Event "Ungdoms-DM 2021 U12"]
[Site "Odense"]
[Date "2021.10.02"]
[Round "1"]
[White "Li, Anna Sofie"]
[Black "Kjeldsen, Johannes Juel"]
[Result "1-0"]
[WhiteElo "1340"]
[BlackElo "1119"]
[PlyCount "71"]
[EventDate "2021.10.01"]
[EventType "swiss (rapid)"]
[EventRounds "7"]
[EventCountry "DEN"]

1. d4 e5 2. dxe5 Bc5 3. Nf3 d6 4. exd6 Ne7 5. Nc3 Qxd6 6. Qxd6 Bxd6 7. e4 O-O
8. Be2 Bg4 9. Be3 Nbc6 10. O-O f5 11. exf5 Nxf5 12. h3 Nxe3 13. fxe3 Bh5 14.
Rad1 Bb4 15. Nd5 Bd6 16. Bc4 Kh8 17. Rd2 Ne5 18. Be2 Nxf3+ 19. Bxf3 Bxf3 20.
Rxf3 c6 21. Nf4 Bc5 22. Rd3 h6 23. Ng6+ Kg8 24. Nxf8 Bxf8 25. Rd7 b6 26. Rff7
Bc5 27. Kf2 Re8 28. Rxg7+ Kh8 29. Rh7+ Kg8 30. Rdg7+ Kf8 31. Rxa7 Bxe3+ 32. Kf3
Bd4 33. c3 Be5 34. Rxh6 Re7 35. Rxe7 Kxe7 36. Rxc6 1-0

[Event "Ungdoms-DM 2021 U12"]
[Site "Odense"]
[Date "2021.10.02"]
[Round "1"]
[White "Andresen, Christian Kiilerich"]
[Black "Bruntse, Caroline Lindegaard"]
[Result "0-1"]
[WhiteElo "1090"]
[BlackElo "1435"]
[PlyCount "80"]
[EventDate "2021.10.01"]
[EventType "swiss (rapid)"]
[EventRounds "7"]
[EventCountry "DEN"]

1. e4 c5 2. Nf3 g6 3. d4 cxd4 4. Nxd4 Nc6 5. Be3 Bg7 6. Nc3 Nf6 7. Qd2 d5 8.
exd5 Nxd5 9. Nxd5 Qxd5 10. O-O-O Qxa2 11. c3 O-O 12. Be2 Nxd4 13. Bxd4 Bf5 14.
Bd3 Bxd4 15. b4 Qxd2+ 16. Kxd2 Bxd3 17. Kxd3 Bxf2 18. Rhf1 Rad8+ 19. Ke2 Rxd1
20. Rxd1 Bb6 21. Rd7 Rc8 22. Rxe7 Rxc3 23. Re8+ Kg7 24. Kd2 Ra3 25. h4 Ra2+ 26.
Kc3 Rxg2 27. Re5 Rg4 28. h5 Bd4+ 29. Kd3 Bxe5 30. hxg6 Kxg6 31. b5 h5 32. Ke3
Rf4 33. b6 axb6 34. Kd3 h4 35. Ke3 h3 36. Ke2 h2 37. Ke3 h1=Q 38. Ke2 Qf1+ 39.
Ke3 Bd4+ 40. Kd2 Rf2# 0-1

[Event "Ungdoms-DM 2021 U12"]
[Site "Odense"]
[Date "2021.10.02"]
[Round "1"]
[White "Bruntse, Kathrine Lindegaard"]
[Black "Adrovic, Dzemil"]
[Result "1-0"]
[WhiteElo "1415"]
[BlackElo "1086"]
[PlyCount "129"]
[EventDate "2021.10.01"]
[EventType "swiss (rapid)"]
[EventRounds "7"]
[EventCountry "DEN"]

1. d4 d5 2. c4 c6 3. Nc3 Nf6 4. e3 Bf5 5. cxd5 cxd5 6. Qb3 Qd7 7. Bb5 Nc6 8.
Nf3 a6 9. Ne5 Qd6 10. Qa4 Bd7 11. Bxc6 Bxc6 12. Nxc6 Qxc6 13. Qxc6+ bxc6 14. a3
e6 15. b4 Bd6 16. Bb2 O-O 17. Na4 Nd7 18. Nc5 Nb6 19. a4 Nc4 20. Bc3 e5 21. O-O
e4 22. Rfb1 Rfb8 23. Rb3 Nb6 24. g3 Bxc5 25. bxc5 Nd7 26. Rab1 f5 27. Rb7 Kf8
28. Ba5 Ke8 29. Bc7 Rc8 30. Be5 g6 31. Rc7 Nxe5 32. Rxc8+ Rxc8 33. dxe5 Kd7 34.
Rb7+ Rc7 35. Rb8 Ke6 36. Re8+ Re7 37. Ra8 a5 38. Rxa5 Kxe5 39. Ra6 Rc7 40. Kg2
d4 41. exd4+ Kxd4 42. Ra5 Rb7 43. h4 Rb2 44. Kf1 Rc2 45. Ra7 Kxc5 46. Rxh7 Ra2
47. Rg7 Rxa4 48. Rxg6 Kd5 49. Rf6 c5 50. Rxf5+ Kd4 51. Rf8 c4 52. Rd8+ Kc3 53.
h5 Kb3 54. Rb8+ Kc2 55. h6 Ra7 56. g4 c3 57. Ke2 Kc1 58. g5 Rd7 59. g6 Rd2+ 60.
Ke3 c2 61. Rc8 Rd3+ 62. Kxe4 Kd2 63. Rxc2+ Kxc2 64. g7 Kc3 65. g8=Q 1-0

[Event "Ungdoms-DM 2021 U12"]
[Site "Odense"]
[Date "2021.10.02"]
[Round "2"]
[White "Snedker, Oliver Kaehne"]
[Black "Medhus, Vitus Bondo"]
[Result "0-1"]
[WhiteElo "1463"]
[BlackElo "1856"]
[PlyCount "60"]
[EventDate "2021.10.01"]
[EventType "swiss (rapid)"]
[EventRounds "7"]
[EventCountry "DEN"]

1. e4 c5 2. Nf3 Nc6 3. d4 cxd4 4. Nxd4 e5 5. Nb5 d6 6. N1c3 a6 7. Na3 Be7 8.
Be3 b5 9. Nd5 Rb8 10. c3 Nf6 11. f3 O-O 12. Qd2 Bd7 13. Rd1 Nxd5 14. exd5 Na5
15. Bd3 f5 16. Qc2 Bg5 17. Bxg5 Qxg5 18. b4 Nc4 19. Nxc4 bxc4 20. Bxc4 Qh4+ 21.
Qf2 Qxc4 22. Qa7 Qxc3+ 23. Rd2 Rxb4 24. Qxd7 Rb1+ 25. Ke2 Rxh1 26. Qe6+ Kh8 27.
Qxd6 Qc4+ 28. Rd3 Rg8 29. Qxe5 Re1+ 30. Kxe1 Qxd3 0-1

[Event "Ungdoms-DM 2021 U12"]
[Site "Odense"]
[Date "2021.10.02"]
[Round "2"]
[White "Zander, Emil"]
[Black "Holst, Peter (2009)"]
[Result "1-0"]
[WhiteElo "1774"]
[BlackElo "1243"]
[PlyCount "49"]
[EventDate "2021.10.01"]
[EventType "swiss (rapid)"]
[EventRounds "7"]
[EventCountry "DEN"]

1. e4 e6 2. d4 d5 3. Nd2 c5 4. Ngf3 Nc6 5. exd5 exd5 6. dxc5 Bxc5 7. Nb3 Be7 8.
Bd3 Nf6 9. Bf4 O-O 10. Qd2 Bg4 11. h3 Bd7 12. O-O Nh5 13. Bh2 h6 14. Rad1 Be6
15. Nfd4 Nxd4 16. Nxd4 Bc8 17. Rfe1 Bg5 18. Qe2 Nf4 19. Qf3 Qf6 20. Bf1 Bd7 21.
Bxf4 Bxf4 22. Qxd5 Rad8 23. Qxb7 Qg5 24. Nf3 Qg6 25. Rxd7 1-0

[Event "Ungdoms-DM 2021 U12"]
[Site "Odense"]
[Date "2021.10.02"]
[Round "2"]
[White "Frydendahl, Noah Skotte"]
[Black "Li, Anna Sofie"]
[Result "0-1"]
[WhiteElo "1241"]
[BlackElo "1340"]
[PlyCount "68"]
[EventDate "2021.10.01"]
[EventType "swiss (rapid)"]
[EventRounds "7"]
[EventCountry "DEN"]

1. e4 e6 2. d4 d5 3. e5 c5 4. c3 Nc6 5. Nf3 Qb6 6. Be2 cxd4 7. cxd4 Nge7 8. b3
Nf5 9. Bb2 Bb4+ 10. Bc3 Nfxd4 11. Nxd4 Bxc3+ 12. Nxc3 Qxd4 13. Qxd4 Nxd4 14.
Bb5+ Bd7 15. Bxd7+ Kxd7 16. O-O Rac8 17. Nd1 Rc7 18. Ne3 Rhc8 19. Rfd1 Nc2 20.
Rac1 Nxe3 21. Rxc7+ Rxc7 22. fxe3 Rc2 23. e4 Kc6 24. exd5+ exd5 25. Rf1 d4 26.
Rxf7 d3 27. Kf1 Rc1+ 28. Kf2 d2 29. b4 d1=Q 30. b5+ Kb6 31. Rxb7+ Kxb7 32. e6
Rc3 33. e7 Qd2+ 34. Kg1 Rc1# 0-1

[Event "Ungdoms-DM 2021 U12"]
[Site "Odense"]
[Date "2021.10.02"]
[Round "2"]
[White "Bruntse, Caroline Lindegaard"]
[Black "Jensen, Liva Buddha"]
[Result "1-0"]
[WhiteElo "1435"]
[BlackElo "1200"]
[PlyCount "133"]
[EventDate "2021.10.01"]
[EventType "swiss (rapid)"]
[EventRounds "7"]
[EventCountry "DEN"]

1. d4 d5 2. c4 Be6 3. cxd5 Bxd5 4. Nc3 Be6 5. e4 c6 6. Nf3 Nf6 7. Bg5 Nfd7 8.
h3 b5 9. d5 cxd5 10. exd5 Bf5 11. Bxb5 a6 12. Ba4 Qc7 13. O-O g6 14. Re1 e6 15.
dxe6 Bxe6 16. Bxd7+ Nxd7 17. Nd5 Qa7 18. Nf6+ Nxf6 19. Bxf6 Rg8 20. Ne5 Qb6 21.
Nc4 Qc6 22. Ne5 Qd5 23. Qxd5 Bxd5 24. Nxg6+ Kd7 25. Nxf8+ Raxf8 26. g3 Rg6 27.
Bc3 h5 28. h4 f5 29. Kf1 Bc4+ 30. Kg2 f4 31. Be5 fxg3 32. fxg3 Bd5+ 33. Kg1 Rf5
34. Rad1 Ke6 35. Bf4+ Kf7 36. Bg5 Re6 37. Rxe6 Bxe6 38. b3 Kg6 39. Rd6 Re5 40.
Rxa6 Kf5 41. b4 Kg4 42. Kf2 Rf5+ 43. Bf4 Bc4 44. Ra7 Rf6 45. a4 Re6 46. Rg7+
Kh3 47. Rg5 Re2+ 48. Kf3 Rb2 49. b5 Be6 50. a5 Bg4+ 51. Ke3 Re2+ 52. Kd4 Bf3
53. Kc5 Rc2+ 54. Kb6 Ba8 55. Rxh5 Rc8 56. Rh7 Rf8 57. Ka7 Be4 58. Re7 Ra8+ 59.
Kb6 Bf5 60. a6 Bg4 61. a7 Bf3 62. Rb7 Re8 63. Rd7 Ba8 64. Kc7 Re4 65. h5 Re8
66. b6 Bf3 67. b7 1-0

[Event "Ungdoms-DM 2021 U12"]
[Site "Odense"]
[Date "2021.10.02"]
[Round "2"]
[White "Venkatraman, Pavan"]
[Black "Bruntse, Kathrine Lindegaard"]
[Result "0-1"]
[WhiteElo "1214"]
[BlackElo "1415"]
[PlyCount "114"]
[EventDate "2021.10.01"]
[EventType "swiss (rapid)"]
[EventRounds "7"]
[EventCountry "DEN"]

1. d4 d5 2. c4 c6 3. Nc3 Nf6 4. Nf3 e6 5. Bg5 dxc4 6. e3 b5 7. a4 Bb4 8. Be2
Bb7 9. O-O a6 10. Ne5 Bxc3 11. bxc3 h6 12. Bh4 g5 13. Bg3 Nd5 14. Bh5 Rf8 15.
Qf3 Qf6 16. Qxf6 Nxf6 17. Bf3 Nd5 18. Rfc1 Nd7 19. e4 N5f6 20. Rd1 h5 21. Nxd7
Kxd7 22. h3 g4 23. Be5 gxf3 24. Bxf6 fxg2 25. Kxg2 Rg8+ 26. Kf3 Rg6 27. Be5 f6
28. Bf4 Rd8 29. Ke3 Kc8 30. Bg3 Rd7 31. Kd2 c5 32. Ke3 cxd4+ 33. Rxd4 Rxd4 34.
Kxd4 e5+ 35. Kc5 Bxe4 36. axb5 axb5 37. Kxb5 Bd3 38. Kc5 Kd7 39. Kd5 Ke7 40.
Ra7+ Kf8 41. Ke6 Kg8 42. Bh4 Bf1 43. Bxf6 Bxh3+ 44. Kxe5 Rg2 45. Rc7 Rxf2 46.
Rxc4 Rf5+ 47. Ke4 Rxf6 48. Ke3 Bg4 49. Rf4 Rxf4 50. Kxf4 Kf7 51. Kg5 Ke6 52. c4
Kd6 53. Kh4 Kc5 54. Kg3 Kxc4 55. Kh4 Kd4 56. Kg5 Ke4 57. Kh4 Kf3 0-1

[Event "Ungdoms-DM 2021 U12"]
[Site "Odense"]
[Date "2021.10.02"]
[Round "3"]
[White "Medhus, Vitus Bondo"]
[Black "Bruntse, Caroline Lindegaard"]
[Result "1-0"]
[WhiteElo "1856"]
[BlackElo "1435"]
[PlyCount "53"]
[EventDate "2021.10.01"]
[EventType "swiss (rapid)"]
[EventRounds "7"]
[EventCountry "DEN"]

1. e4 c5 2. c3 d6 3. d4 cxd4 4. cxd4 Nf6 5. Nc3 g6 6. Be3 Bg7 7. Rc1 O-O 8. f3
Nc6 9. Bc4 Bd7 10. Nge2 Rc8 11. Qd2 a6 12. a4 Qc7 13. Ba2 Rfd8 14. Nd5 Qb8 15.
Nb6 Rc7 16. h4 Na7 17. h5 Nxh5 18. Bh6 Rxc1+ 19. Qxc1 Nf6 20. Bxg7 Kxg7 21.
Qh6+ Kg8 22. Nd5 Be6 23. Nxe7+ Kh8 24. Bxe6 fxe6 25. Qxg6 Rf8 26. Qg5 Rf7 27.
Nf4 1-0

[Event "Ungdoms-DM 2021 U12"]
[Site "Odense"]
[Date "2021.10.02"]
[Round "3"]
[White "Li, Anna Sofie"]
[Black "Zander, Emil"]
[Result "0-1"]
[WhiteElo "1340"]
[BlackElo "1774"]
[PlyCount "68"]
[EventDate "2021.10.01"]
[EventType "swiss (rapid)"]
[EventRounds "7"]
[EventCountry "DEN"]

1. d4 d5 2. c4 c6 3. Nc3 Nf6 4. Nf3 e6 5. e3 Bd6 6. c5 Bc7 7. Bd3 b6 8. cxb6
axb6 9. O-O O-O 10. Qc2 Na6 11. Bxa6 Bxa6 12. Re1 c5 13. b3 Rc8 14. Bb2 Bd6 15.
Rac1 Qe7 16. Qd1 Rfd8 17. e4 Bf4 18. Rc2 cxd4 19. Nxd4 dxe4 20. Nxe4 e5 21. Nf5
Qe6 22. Rxc8 Rxc8 23. Nxf6+ Qxf6 24. Qg4 Rc2 25. Qxf4 Rxb2 26. Qa4 b5 27. Qxa6
Qxa6 28. Rd1 h6 29. h4 Qf6 30. g4 h5 31. f3 Qb6+ 32. Kh1 Qf2 33. Ne7+ Kh7 34.
g5 Qg2# 0-1

[Event "Ungdoms-DM 2021 U12"]
[Site "Odense"]
[Date "2021.10.02"]
[Round "3"]
[White "Bruntse, Kathrine Lindegaard"]
[Black "Snedker, Oliver Kaehne"]
[Result "1-0"]
[WhiteElo "1415"]
[BlackElo "1463"]
[PlyCount "73"]
[EventDate "2021.10.01"]
[EventType "swiss (rapid)"]
[EventRounds "7"]
[EventCountry "DEN"]

1. d4 d5 2. c4 c6 3. Nf3 Nf6 4. g3 e6 5. Bg2 Nbd7 6. O-O dxc4 7. Nfd2 Bd6 8.
Nxc4 Bc7 9. Nc3 O-O 10. e4 Re8 11. Bg5 h6 12. Bc1 Bb6 13. Nd6 Rf8 14. a4 a5 15.
e5 Ne8 16. Nde4 f5 17. exf6 Ndxf6 18. Nc5 Nc7 19. Re1 Re8 20. Be3 Ncd5 21. Qb3
Qc7 22. Rad1 Bd7 23. Nxd5 exd5 24. Bf4 Rxe1+ 25. Rxe1 Qd8 26. Nxb7 Qc8 27. Qxb6
Bg4 28. Nd6 Qd7 29. Qb7 Qxb7 30. Nxb7 Nd7 31. h3 Bf5 32. Nd6 Bc2 33. Re8+ Rxe8
34. Nxe8 Bxa4 35. Bc7 Kf7 36. Nd6+ Ke6 37. Nb7 1-0

[Event "Ungdoms-DM 2021 U12"]
[Site "Odense"]
[Date "2021.10.02"]
[Round "3"]
[White "Holst, Peter (2009)"]
[Black "Derlich, Sarah Sima"]
[Result "0-1"]
[WhiteElo "1243"]
[BlackElo "1179"]
[PlyCount "78"]
[EventDate "2021.10.01"]
[EventType "swiss (rapid)"]
[EventRounds "7"]
[EventCountry "DEN"]

1. d4 d5 2. Bf4 Nf6 3. Nc3 e6 4. Nf3 Bd6 5. Bg3 Bb4 6. Qd3 Ne4 7. Be5 f6 8. Bf4
Qd7 9. a3 Bxc3+ 10. bxc3 b6 11. Nd2 Ba6 12. Qf3 Nxd2 13. Bxd2 c5 14. Qg3 Nc6
15. e3 Bxf1 16. Rxf1 Na5 17. dxc5 bxc5 18. Rb1 O-O 19. f3 Nc4 20. Qf2 Nxa3 21.
Rc1 Qa4 22. Kd1 Rab8 23. Qe2 Rb1 24. e4 Qxc2+ 25. Ke1 Rxc1+ 26. Bxc1 Qxc1+ 27.
Kf2 Qxc3 28. exd5 Qd4+ 29. Kg3 Qxd5 30. Ra1 Nb5 31. f4 Nc3 32. Qe3 Ne4+ 33. Kh4
g5+ 34. fxg5 fxg5+ 35. Kh5 Nf6+ 36. Kh6 Ng4+ 37. Kh5 Nxe3 38. Kh6 g4 39. Rxa7
Rf6# 0-1

[Event "Ungdoms-DM 2021 U12"]
[Site "Odense"]
[Date "2021.10.02"]
[Round "3"]
[White "Andries, Leia"]
[Black "Frydendahl, Noah Skotte"]
[Result "1/2-1/2"]
[WhiteElo "1192"]
[BlackElo "1241"]
[PlyCount "112"]
[EventDate "2021.10.01"]
[EventType "swiss (rapid)"]
[EventRounds "7"]
[EventCountry "DEN"]

1. e4 c5 2. c3 e5 3. Nf3 Nc6 4. Bc4 Nf6 5. d3 Be7 6. O-O a6 7. a4 Na5 8. Nxe5
Nxc4 9. Nxc4 d5 10. exd5 Nxd5 11. Re1 O-O 12. Ne3 Nxe3 13. Bxe3 b6 14. Qf3 Rb8
15. Bf4 Bb7 16. Qg3 Rc8 17. Bh6 Bf6 18. Nd2 Qc7 19. Qxc7 Rxc7 20. Bf4 Rd7 21.
Re3 Rfd8 22. Rae1 h6 23. Re8+ Kh7 24. Rxd8 Rxd8 25. Re3 a5 26. Bc7 Rd7 27. Bxb6
Bg5 28. Re2 Rxd3 29. Nf1 Ba6 30. Re1 Rd6 31. Bxc5 Rd5 32. Bd4 Bc4 33. g3 Bb3
34. Ra1 Rd6 35. Ne3 Bxe3 36. fxe3 Rd7 37. Kf2 Rb7 38. Bc5 f6 39. h4 g5 40. hxg5
hxg5 41. Bd4 Kg6 42. g4 Be6 43. Kg3 Rxb2 44. e4 Re2 45. Kf3 Rb2 46. e5 f5 47.
gxf5+ Kxf5 48. Rf1 Bc4 49. Rf2 Rxf2+ 50. Kxf2 Bb3 51. Bb6 Kxe5 52. Bxa5 Bxa4
53. Kg3 Bd7 54. Bb6 Kd5 55. Bd8 g4 56. Bf6 Kc4 1/2-1/2

[Event "Ungdoms-DM 2021 U12"]
[Site "Odense"]
[Date "2021.10.02"]
[Round "4"]
[White "Zander, Emil"]
[Black "Bruntse, Kathrine Lindegaard"]
[Result "1-0"]
[WhiteElo "1774"]
[BlackElo "1415"]
[PlyCount "87"]
[EventDate "2021.10.01"]
[EventType "swiss (rapid)"]
[EventRounds "7"]
[EventCountry "DEN"]

1. e4 c5 2. c3 e6 3. d4 cxd4 4. cxd4 Nf6 5. Nc3 Bb4 6. Bd3 Nc6 7. Nge2 d5 8. e5
Nd7 9. O-O O-O 10. f4 g6 11. a3 Ba5 12. Qe1 Ndb8 13. Qg3 Ne7 14. b4 Bb6 15. Qf2
a6 16. g4 Nbc6 17. Be3 f6 18. exf6 Rxf6 19. Qh4 Rf7 20. Na4 Ba7 21. Nc5 b6 22.
Nb3 Bb8 23. Ng3 Ra7 24. Rac1 Bd6 25. Rf3 e5 26. dxe5 Nxe5 27. fxe5 Rxf3 28.
exd6 Rxe3 29. dxe7 Raxe7 30. Rc3 Re1+ 31. Bf1 Qf8 32. Nd4 Bd7 33. Rf3 Qg7 34.
Nge2 Rd1 35. Kg2 g5 36. Qg3 Rd2 37. Qd6 Kh8 38. Qxd5 Re8 39. Rf7 Be6 40. Nxe6
Rxd5 41. Nxg7 Kg8 42. Rb7 Re3 43. Nf5 Rxa3 44. Ne7+ 1-0

[Event "Ungdoms-DM 2021 U12"]
[Site "Odense"]
[Date "2021.10.02"]
[Round "4"]
[White "Bruntse, Caroline Lindegaard"]
[Black "Li, Anna Sofie"]
[Result "0-1"]
[WhiteElo "1435"]
[BlackElo "1340"]
[PlyCount "52"]
[EventDate "2021.10.01"]
[EventType "swiss (rapid)"]
[EventRounds "7"]
[EventCountry "DEN"]

1. d4 d5 2. c4 dxc4 3. e4 Nf6 4. Nc3 e6 5. Bxc4 c5 6. d5 exd5 7. Bxd5 Nxd5 8.
Nxd5 Nc6 9. Nf3 Bg4 10. Bf4 Bd6 11. Bxd6 Qxd6 12. O-O Nd4 13. Qa4+ b5 14. Qd1
Nxf3+ 15. gxf3 Bh3 16. Ne3 Qg6+ 17. Kh1 Bxf1 18. Qxf1 a6 19. Rd1 O-O 20. Qd3
Qf6 21. Nd5 Qxb2 22. Ne7+ Kh8 23. Rd2 Qe5 24. Nc6 Qf6 25. Qd5 Qxf3+ 26. Kg1 h6
0-1

[Event "Ungdoms-DM 2021 U12"]
[Site "Odense"]
[Date "2021.10.02"]
[Round "4"]
[White "Adrovic, Dzemil"]
[Black "Jensen, Liva Buddha"]
[Result "1-0"]
[WhiteElo "1086"]
[BlackElo "1200"]
[PlyCount "107"]
[EventDate "2021.10.01"]
[EventType "swiss (rapid)"]
[EventRounds "7"]
[EventCountry "DEN"]

1. d4 d6 2. e4 g6 3. Nf3 Bg7 4. Nc3 Nf6 5. Bc4 O-O 6. O-O a6 7. h3 b5 8. Bb3
Nc6 9. Bf4 b4 10. Ne2 Nxe4 11. Bd5 Nf6 12. Bxc6 Rb8 13. Ng3 Bd7 14. Bxd7 Qxd7
15. Qd3 Nd5 16. Bd2 a5 17. a3 Nf6 18. axb4 axb4 19. Ra2 c6 20. Qc4 d5 21. Qb3
Qd6 22. Ne2 Ne4 23. Bf4 Qd7 24. Bxb8 Rxb8 25. Rd1 e6 26. c3 c5 27. cxb4 Rxb4
28. Qc2 Qc6 29. dxc5 Rc4 30. Qb3 Rxc5 31. Qb8+ Qc8 32. Qxc8+ Rxc8 33. Rb1 e5
34. b4 h6 35. b5 Rb8 36. b6 Kh7 37. b7 d4 38. Ra8 Rxb7 39. Rxb7 Nd6 40. Re7 Ne4
41. Nxe5 Bxe5 42. Rxe5 Nf6 43. Nxd4 Kg7 44. Re7 Nd5 45. Rb7 Kf6 46. Ra6+ Ke5
47. Nf3+ Ke4 48. Rxf7 Nf4 49. Nd2+ Kd3 50. Re7 Kxd2 51. Rd6+ Kc3 52. Rc7+ Kb4
53. Rb6+ Ka5 54. Rb1 1-0

[Event "Ungdoms-DM 2021 U12"]
[Site "Odense"]
[Date "2021.10.02"]
[Round "4"]
[White "Derlich, Sarah Sima"]
[Black "Andries, Leia"]
[Result "1-0"]
[WhiteElo "1179"]
[BlackElo "1192"]
[PlyCount "73"]
[EventDate "2021.10.01"]
[EventType "swiss (rapid)"]
[EventRounds "7"]
[EventCountry "DEN"]

1. e4 c5 2. Nf3 Nc6 3. d4 cxd4 4. Nxd4 g6 5. Nc3 Bg7 6. Be3 Nf6 7. Be2 O-O 8.
O-O d5 9. exd5 Nxd5 10. Nxd5 Qxd5 11. Bf3 Qd7 12. Bxc6 bxc6 13. c3 Ba6 14. Re1
Rab8 15. Qc2 Qb7 16. b3 c5 17. Nf3 c4 18. b4 Bb5 19. a4 Bc6 20. Nh4 a6 21. Rad1
Be4 22. Qd2 Bd3 23. Bh6 Rfe8 24. Bxg7 Kxg7 25. Qf4 Qc6 26. a5 Qf6 27. Qg3 Qxc3
28. Nf5+ Kf8 29. Nxe7 Rb7 30. Qd6 Qxb4 31. Qf6 Qb2 32. Re5 Qxe5 33. Qxe5 Rb1
34. Rxb1 Bxb1 35. h3 h5 36. Qf6 Bd3 37. Nc6 1-0

[Event "Ungdoms-DM 2021 U12"]
[Site "Odense"]
[Date "2021.10.03"]
[Round "5"]
[White "Medhus, Vitus Bondo"]
[Black "Zander, Emil"]
[Result "1-0"]
[WhiteElo "1856"]
[BlackElo "1774"]
[PlyCount "91"]
[EventDate "2021.10.01"]
[EventType "swiss (rapid)"]
[EventRounds "7"]
[EventCountry "DEN"]

1. e4 c5 2. Nf3 Nc6 3. d4 cxd4 4. Nxd4 e5 5. Nb5 d6 6. c4 a6 7. N5c3 Be6 8. Nd5
Nge7 9. Nbc3 Nd4 10. Be2 f5 11. Bg5 Nxe2 12. Qxe2 h6 13. Bh4 f4 14. O-O Kf7 15.
f3 g5 16. Bf2 Nxd5 17. Nxd5 Bxd5 18. cxd5 Be7 19. a4 a5 20. Rac1 Qd7 21. Qc4
Rac8 22. Qb3 Rhg8 23. Bb6 Bd8 24. Rxc8 Qxc8 25. Bxd8 Rxd8 26. Qb6 Qc5+ 27. Qxc5
dxc5 28. Rc1 Rc8 29. b3 Ke7 30. h4 b6 31. hxg5 hxg5 32. Kf2 Rh8 33. Ke2 Kd6 34.
Kd3 g4 35. fxg4 Rh4 36. g5 Rg4 37. Rh1 Rxg2 38. Rh6+ Kc7 39. g6 Rg3+ 40. Ke2
Rxb3 41. Rh7+ Kd6 42. Rb7 c4 43. g7 Rg3 44. Rxb6+ Kc5 45. Rc6+ Kb4 46. Rc7 1-0

[Event "Ungdoms-DM 2021 U12"]
[Site "Odense"]
[Date "2021.10.03"]
[Round "5"]
[White "Li, Anna Sofie"]
[Black "Adrovic, Dzemil"]
[Result "1-0"]
[WhiteElo "1340"]
[BlackElo "1086"]
[PlyCount "71"]
[EventDate "2021.10.01"]
[EventType "swiss (rapid)"]
[EventRounds "7"]
[EventCountry "DEN"]

1. d4 d5 2. Nf3 Nc6 3. e3 Nf6 4. Nbd2 a6 5. Bd3 Bg4 6. O-O e6 7. a3 Bd6 8. h3
Bh5 9. b3 O-O 10. Bb2 Re8 11. c4 b6 12. Rc1 Na7 13. cxd5 exd5 14. Bxa6 b5 15.
a4 bxa4 16. bxa4 Nc8 17. Bb5 Re7 18. Qc2 Nb6 19. Rfe1 Bb4 20. Bc3 Bxc3 21. Qxc3
Nxa4 22. Qb3 Nb6 23. Ne5 Re6 24. Rc3 Nfd7 25. Ndf3 Bxf3 26. Nxf3 f6 27. Rec1
Ra7 28. Bc6 Nc4 29. Bxd5 Nd2 30. Bxe6+ Kf8 31. Nxd2 Nb6 32. Bg8 Qe7 33. Qe6 Rb7
34. Qxe7+ Kxe7 35. Rxc7+ Rxc7 36. Rxc7+ 1-0

[Event "Ungdoms-DM 2021 U12"]
[Site "Odense"]
[Date "2021.10.03"]
[Round "5"]
[White "Bruntse, Kathrine Lindegaard"]
[Black "Derlich, Sarah Sima"]
[Result "1/2-1/2"]
[WhiteElo "1415"]
[BlackElo "1179"]
[PlyCount "92"]
[EventDate "2021.10.01"]
[EventType "swiss (rapid)"]
[EventRounds "7"]
[EventCountry "DEN"]

1. d4 d5 2. c4 e6 3. Nf3 Nf6 4. g3 dxc4 5. Qa4+ Nbd7 6. Bg2 Bd6 7. O-O O-O 8.
Qxc4 Nb6 9. Qc2 Re8 10. Rd1 Bd7 11. e4 Bf8 12. a3 h6 13. Bf4 Rc8 14. Nc3 Nh5
15. Be3 Nf6 16. d5 exd5 17. exd5 Bd6 18. a4 a5 19. Qb3 Bb4 20. Ne1 Rb8 21. Nc2
Bxc3 22. Bxb6 cxb6 23. bxc3 Ne4 24. Bxe4 Rxe4 25. Re1 Rxe1+ 26. Rxe1 Bh3 27.
Nd4 Qf6 28. Qb5 Qg6 29. Qe2 Rc8 30. Nb5 Bd7 31. c4 Bf5 32. d6 Be6 33. Nc7 Bd7
34. Qe7 Qf5 35. Qe4 Qxe4 36. Rxe4 Bxa4 37. Re7 Rd8 38. Nd5 Bc6 39. Nxb6 Rxd6
40. Re1 a4 41. Ra1 Rd4 42. Kf1 Kf8 43. Ke2 Ke7 44. Ke3 Re4+ 45. Kd3 Ke6 46.
Nxa4 Ke5 1/2-1/2

[Event "Ungdoms-DM 2021 U12"]
[Site "Odense"]
[Date "2021.10.03"]
[Round "5"]
[White "Bruntse, Caroline Lindegaard"]
[Black "Frydendahl, Noah Skotte"]
[Result "1/2-1/2"]
[WhiteElo "1435"]
[BlackElo "1241"]
[PlyCount "87"]
[EventDate "2021.10.01"]
[EventType "swiss (rapid)"]
[EventRounds "7"]
[EventCountry "DEN"]

1. d4 d5 2. c4 c6 3. cxd5 cxd5 4. Nc3 e6 5. Nf3 Nd7 6. Bf4 Ngf6 7. e3 Be7 8.
Bd3 Nh5 9. Bg3 Nxg3 10. hxg3 Nf6 11. Qc2 g6 12. Ne5 Bd6 13. Bb5+ Bd7 14. Nxd7
Nxd7 15. Bxd7+ Qxd7 16. Qa4 Qxa4 17. Nxa4 b5 18. Nc5 Bxc5 19. dxc5 Rc8 20. Rc1
a5 21. a3 a4 22. O-O Rc6 23. Rc3 Kd7 24. Rfc1 Rhc8 25. Kf1 e5 26. f4 d4 27.
exd4 exd4 28. Rd3 Rxc5 29. Rxc5 Rxc5 30. Rxd4+ Ke6 31. g4 Rc4 32. Rxc4 bxc4 33.
Ke2 Kd5 34. Ke3 f6 35. g3 h6 36. f5 g5 37. Kd2 Ke4 38. Ke2 Kd4 39. Kd2 Ke4 40.
Ke2 Kd4 41. Kd2 Ke4 42. Ke2 Kd4 43. Kd2 Ke4 44. Ke2 1/2-1/2

[Event "Ungdoms-DM 2021 U12"]
[Site "Odense"]
[Date "2021.10.03"]
[Round "6"]
[White "Li, Anna Sofie"]
[Black "Medhus, Vitus Bondo"]
[Result "0-1"]
[WhiteElo "1340"]
[BlackElo "1856"]
[PlyCount "90"]
[EventDate "2021.10.01"]
[EventType "swiss (rapid)"]
[EventRounds "7"]
[EventCountry "DEN"]

1. d4 Nf6 2. c4 c5 3. dxc5 e5 4. Nc3 Bxc5 5. e4 d6 6. Nf3 Ng4 7. Be3 Bxe3 8.
fxe3 Nxe3 9. Qd3 Qb6 10. Nb5 O-O 11. Ke2 Ng4 12. Qd2 Nf2 13. Rg1 Nxe4 14. Qe3
Nc5 15. b4 Ne6 16. Qxb6 axb6 17. Nxd6 Nc6 18. b5 Ned4+ 19. Nxd4 Nxd4+ 20. Kf2
Nb3 21. Rd1 Rxa2+ 22. Be2 Bg4 23. Rge1 Nd4 24. Rxd4 exd4 25. Kf1 Bxe2+ 26. Rxe2
Rxe2 27. Kxe2 d3+ 28. Kd2 Rb8 29. Ne4 Rd8 30. Nf2 Kf8 31. Nxd3 Ke7 32. Ke3 Kd6
33. Kd4 f6 34. h4 Re8 35. Nf4 f5 36. h5 Re4+ 37. Kd3 Rxf4 38. Kc3 Kc5 39. h6
gxh6 40. Kb3 Rxc4 41. Kb2 Kb4 42. g3 Rc3 43. g4 fxg4 44. Kb1 Kb3 45. Ka1 Rc1#
0-1